<?xml version="1.0" encoding="UTF-8"?>
<collection xmlns="http://www.loc.gov/MARC21/slim">
 <record>
  <leader>06922nam a2200637 a 4500</leader>
  <controlfield tag="001">1200918</controlfield>
  <controlfield tag="003">BD-DhAAL</controlfield>
  <controlfield tag="008">090722s1999    mau           000 1 eng d</controlfield>
  <datafield tag="010" ind1=" " ind2=" ">
   <subfield code="a">   98050895 </subfield>
  </datafield>
  <datafield tag="020" ind1=" " ind2=" ">
   <subfield code="a">0002259001</subfield>
  </datafield>
  <datafield tag="020" ind1=" " ind2=" ">
   <subfield code="a">039592720X</subfield>
  </datafield>
  <datafield tag="040" ind1=" " ind2=" ">
   <subfield code="a">DLC</subfield>
   <subfield code="c">DLC</subfield>
   <subfield code="d">DLC</subfield>
   <subfield code="d">BD-DhAAL</subfield>
  </datafield>
  <datafield tag="082" ind1="0" ind2="0">
   <subfield code="a">813.54</subfield>
   <subfield code="2">21</subfield>
  </datafield>
  <datafield tag="100" ind1="1" ind2=" ">
   <subfield code="a">Lahiri, Jhumpa.</subfield>
   <subfield code="9">5687</subfield>
  </datafield>
  <datafield tag="245" ind1="1" ind2="0">
   <subfield code="a">Interpreter of maladies :</subfield>
   <subfield code="b">stories /</subfield>
   <subfield code="c">Jhumpa Lahiri.</subfield>
  </datafield>
  <datafield tag="260" ind1=" " ind2=" ">
   <subfield code="a">Boston :</subfield>
   <subfield code="b">Houghton Mifflin, ;</subfield>
   <subfield code="a">New Delhi :</subfield>
   <subfield code="b">Harper Collins</subfield>
   <subfield code="c">1999 [Sixth impression 2000].</subfield>
  </datafield>
  <datafield tag="300" ind1=" " ind2=" ">
   <subfield code="a">198 pages ;</subfield>
   <subfield code="c">21 cm.</subfield>
  </datafield>
  <datafield tag="500" ind1=" " ind2=" ">
   <subfield code="a">&quot;A Mariner original.&quot;</subfield>
  </datafield>
  <datafield tag="500" ind1=" " ind2=" ">
   <subfield code="a">winner of the pulitzer prize for fiction 2000</subfield>
  </datafield>
  <datafield tag="541" ind1="1" ind2=" ">
   <subfield code="a">Donated by Farhana Zahir, Assistant Professor, BRAC Business School, BRAC University</subfield>
   <subfield code="e">00010701, 44612</subfield>
  </datafield>
  <datafield tag="600" ind1=" " ind2=" ">
   <subfield code="a">Lahiri, Jhumpa,</subfield>
   <subfield code="t">Interpreter of maladies.</subfield>
   <subfield code="9">59118</subfield>
  </datafield>
  <datafield tag="650" ind1=" " ind2="0">
   <subfield code="a">East Indian Americans</subfield>
   <subfield code="x">Fiction.</subfield>
   <subfield code="9">59119</subfield>
  </datafield>
  <datafield tag="650" ind1=" " ind2="0">
   <subfield code="a">Assimilation (Sociology) in literature.</subfield>
   <subfield code="9">59120</subfield>
  </datafield>
  <datafield tag="650" ind1=" " ind2="0">
   <subfield code="a">Emigration and immigration in literature.</subfield>
   <subfield code="9">59121</subfield>
  </datafield>
  <datafield tag="852" ind1="4" ind2=" ">
   <subfield code="a">Ayesha Abed Library</subfield>
   <subfield code="j">General shelf.</subfield>
  </datafield>
  <datafield tag="942" ind1="0" ind2="0">
   <subfield code="0">1</subfield>
   <subfield code="2">ddc</subfield>
   <subfield code="c">BK</subfield>
  </datafield>
  <datafield tag="999" ind1=" " ind2=" ">
   <subfield code="c">2707</subfield>
   <subfield code="d">2707</subfield>
  </datafield>
  <datafield tag="952" ind1=" " ind2=" ">
   <subfield code="0">0</subfield>
   <subfield code="1">0</subfield>
   <subfield code="2">ddc</subfield>
   <subfield code="4">1</subfield>
   <subfield code="6">813_000000000000000__54_LAH_1999</subfield>
   <subfield code="7">0</subfield>
   <subfield code="9">2486</subfield>
   <subfield code="a">BRACUL</subfield>
   <subfield code="b">BRACUL</subfield>
   <subfield code="c">SPS</subfield>
   <subfield code="d">2009-07-22</subfield>
   <subfield code="g">60.00</subfield>
   <subfield code="l">3</subfield>
   <subfield code="m">2</subfield>
   <subfield code="o">813.54 LAH</subfield>
   <subfield code="p">3010010701</subfield>
   <subfield code="r">2017-03-06</subfield>
   <subfield code="s">2017-02-20</subfield>
   <subfield code="t">1</subfield>
   <subfield code="w">2009-07-22</subfield>
   <subfield code="y">BK</subfield>
  </datafield>
  <datafield tag="952" ind1=" " ind2=" ">
   <subfield code="0">0</subfield>
   <subfield code="1">0</subfield>
   <subfield code="2">ddc</subfield>
   <subfield code="4">1</subfield>
   <subfield code="6">813_540000000000000_LAH</subfield>
   <subfield code="7">0</subfield>
   <subfield code="9">12408</subfield>
   <subfield code="a">BRACUL</subfield>
   <subfield code="b">BRACUL</subfield>
   <subfield code="c">SPS</subfield>
   <subfield code="d">2010-10-12</subfield>
   <subfield code="g">181.00</subfield>
   <subfield code="l">3</subfield>
   <subfield code="m">4</subfield>
   <subfield code="o">813.54 LAH</subfield>
   <subfield code="p">3010012613</subfield>
   <subfield code="r">2018-04-03</subfield>
   <subfield code="s">2018-02-11</subfield>
   <subfield code="t">2</subfield>
   <subfield code="w">2010-10-12</subfield>
   <subfield code="y">BK</subfield>
   <subfield code="x">RS-150</subfield>
  </datafield>
  <datafield tag="952" ind1=" " ind2=" ">
   <subfield code="0">0</subfield>
   <subfield code="1">0</subfield>
   <subfield code="2">ddc</subfield>
   <subfield code="4">1</subfield>
   <subfield code="6">813_540000000000000_LAH</subfield>
   <subfield code="7">0</subfield>
   <subfield code="9">14243</subfield>
   <subfield code="a">BRACUL</subfield>
   <subfield code="b">BRACUL</subfield>
   <subfield code="c">SPS</subfield>
   <subfield code="d">2011-01-29</subfield>
   <subfield code="g">181.00</subfield>
   <subfield code="l">0</subfield>
   <subfield code="o">813.54 LAH</subfield>
   <subfield code="p">3010012612</subfield>
   <subfield code="r">2011-01-29</subfield>
   <subfield code="t">3</subfield>
   <subfield code="w">2011-01-29</subfield>
   <subfield code="y">BK</subfield>
   <subfield code="x">RS-150</subfield>
  </datafield>
  <datafield tag="952" ind1=" " ind2=" ">
   <subfield code="0">0</subfield>
   <subfield code="1">0</subfield>
   <subfield code="2">ddc</subfield>
   <subfield code="4">1</subfield>
   <subfield code="6">813_540000000000000_LAH</subfield>
   <subfield code="7">0</subfield>
   <subfield code="9">14244</subfield>
   <subfield code="a">BRACUL</subfield>
   <subfield code="b">BRACUL</subfield>
   <subfield code="c">SPS</subfield>
   <subfield code="d">2011-01-29</subfield>
   <subfield code="g">70.00</subfield>
   <subfield code="l">0</subfield>
   <subfield code="o">813.54 LAH</subfield>
   <subfield code="p">3010012071</subfield>
   <subfield code="r">2011-01-29</subfield>
   <subfield code="t">4</subfield>
   <subfield code="w">2011-01-29</subfield>
   <subfield code="y">BK</subfield>
  </datafield>
  <datafield tag="952" ind1=" " ind2=" ">
   <subfield code="0">0</subfield>
   <subfield code="1">0</subfield>
   <subfield code="2">ddc</subfield>
   <subfield code="4">1</subfield>
   <subfield code="6">813_000000000000000__54_LAH_1999</subfield>
   <subfield code="7">0</subfield>
   <subfield code="9">14245</subfield>
   <subfield code="a">BRACUL</subfield>
   <subfield code="b">BRACUL</subfield>
   <subfield code="c">SPS</subfield>
   <subfield code="d">2011-01-29</subfield>
   <subfield code="l">0</subfield>
   <subfield code="o">813.54 LAH</subfield>
   <subfield code="p">3010010702</subfield>
   <subfield code="r">2011-01-29</subfield>
   <subfield code="t">5</subfield>
   <subfield code="w">2011-01-29</subfield>
   <subfield code="y">BK</subfield>
  </datafield>
  <datafield tag="952" ind1=" " ind2=" ">
   <subfield code="0">0</subfield>
   <subfield code="1">0</subfield>
   <subfield code="2">ddc</subfield>
   <subfield code="4">0</subfield>
   <subfield code="6">813_540000000000000_LAH_1999</subfield>
   <subfield code="7">0</subfield>
   <subfield code="9">14251</subfield>
   <subfield code="a">BRACUL</subfield>
   <subfield code="b">BRACUL</subfield>
   <subfield code="c">GEN</subfield>
   <subfield code="d">2011-01-29</subfield>
   <subfield code="l">4</subfield>
   <subfield code="m">4</subfield>
   <subfield code="o">813.54 LAH</subfield>
   <subfield code="p">3010010700</subfield>
   <subfield code="r">2025-11-04</subfield>
   <subfield code="s">2025-11-01</subfield>
   <subfield code="t">6</subfield>
   <subfield code="w">2011-01-29</subfield>
   <subfield code="y">BK</subfield>
  </datafield>
  <datafield tag="952" ind1=" " ind2=" ">
   <subfield code="0">0</subfield>
   <subfield code="1">0</subfield>
   <subfield code="2">ddc</subfield>
   <subfield code="4">1</subfield>
   <subfield code="6">813_000000000000000__54_LAH_1999</subfield>
   <subfield code="7">0</subfield>
   <subfield code="9">16291</subfield>
   <subfield code="a">BRACUL</subfield>
   <subfield code="b">BRACUL</subfield>
   <subfield code="c">SPS</subfield>
   <subfield code="d">2011-05-05</subfield>
   <subfield code="l">0</subfield>
   <subfield code="o">813.54 LAH</subfield>
   <subfield code="p">3010010698</subfield>
   <subfield code="r">2011-05-05</subfield>
   <subfield code="t">7</subfield>
   <subfield code="w">2011-05-05</subfield>
   <subfield code="y">BK</subfield>
  </datafield>
  <datafield tag="952" ind1=" " ind2=" ">
   <subfield code="0">0</subfield>
   <subfield code="1">0</subfield>
   <subfield code="2">ddc</subfield>
   <subfield code="4">0</subfield>
   <subfield code="6">813_540000000000000_LAH</subfield>
   <subfield code="7">0</subfield>
   <subfield code="9">16747</subfield>
   <subfield code="a">BRACUL</subfield>
   <subfield code="b">BRACUL</subfield>
   <subfield code="c">GEN</subfield>
   <subfield code="d">2011-05-25</subfield>
   <subfield code="e">karim International</subfield>
   <subfield code="g">538.00</subfield>
   <subfield code="l">3</subfield>
   <subfield code="o">813.54 LAH</subfield>
   <subfield code="p">3010022721</subfield>
   <subfield code="r">2025-06-16</subfield>
   <subfield code="s">2025-05-27</subfield>
   <subfield code="t">19</subfield>
   <subfield code="w">2011-05-25</subfield>
   <subfield code="y">BK</subfield>
  </datafield>
  <datafield tag="952" ind1=" " ind2=" ">
   <subfield code="0">0</subfield>
   <subfield code="1">0</subfield>
   <subfield code="2">ddc</subfield>
   <subfield code="4">0</subfield>
   <subfield code="6">813_540000000000000_LAH</subfield>
   <subfield code="7">0</subfield>
   <subfield code="9">16748</subfield>
   <subfield code="a">BRACUL</subfield>
   <subfield code="b">BRACUL</subfield>
   <subfield code="c">GEN</subfield>
   <subfield code="d">2011-05-25</subfield>
   <subfield code="e">karim International</subfield>
   <subfield code="g">538.00</subfield>
   <subfield code="l">2</subfield>
   <subfield code="m">36</subfield>
   <subfield code="o">813.54 LAH</subfield>
   <subfield code="p">3010022722</subfield>
   <subfield code="r">2017-07-21</subfield>
   <subfield code="s">2017-05-04</subfield>
   <subfield code="t">20</subfield>
   <subfield code="w">2011-05-25</subfield>
   <subfield code="y">BK</subfield>
  </datafield>
  <datafield tag="952" ind1=" " ind2=" ">
   <subfield code="0">0</subfield>
   <subfield code="1">0</subfield>
   <subfield code="2">ddc</subfield>
   <subfield code="4">0</subfield>
   <subfield code="6">813_540000000000000_LAH</subfield>
   <subfield code="7">0</subfield>
   <subfield code="9">16749</subfield>
   <subfield code="a">BRACUL</subfield>
   <subfield code="b">BRACUL</subfield>
   <subfield code="c">GEN</subfield>
   <subfield code="d">2011-05-25</subfield>
   <subfield code="e">karim International</subfield>
   <subfield code="g">538.00</subfield>
   <subfield code="l">10</subfield>
   <subfield code="m">64</subfield>
   <subfield code="o">813.54 LAH</subfield>
   <subfield code="p">3010022715</subfield>
   <subfield code="r">2025-09-07</subfield>
   <subfield code="s">2025-09-02</subfield>
   <subfield code="t">13</subfield>
   <subfield code="w">2011-05-25</subfield>
   <subfield code="y">BK</subfield>
  </datafield>
  <datafield tag="952" ind1=" " ind2=" ">
   <subfield code="0">0</subfield>
   <subfield code="1">0</subfield>
   <subfield code="2">ddc</subfield>
   <subfield code="4">0</subfield>
   <subfield code="6">813_540000000000000_LAH</subfield>
   <subfield code="7">0</subfield>
   <subfield code="9">16750</subfield>
   <subfield code="a">BRACUL</subfield>
   <subfield code="b">BRACUL</subfield>
   <subfield code="c">GEN</subfield>
   <subfield code="d">2011-05-25</subfield>
   <subfield code="e">karim International</subfield>
   <subfield code="g">538.00</subfield>
   <subfield code="l">3</subfield>
   <subfield code="m">2</subfield>
   <subfield code="o">813.54 LAH</subfield>
   <subfield code="p">3010022717</subfield>
   <subfield code="r">2026-02-24</subfield>
   <subfield code="s">2026-02-22</subfield>
   <subfield code="t">15</subfield>
   <subfield code="w">2011-05-25</subfield>
   <subfield code="y">BK</subfield>
  </datafield>
  <datafield tag="952" ind1=" " ind2=" ">
   <subfield code="0">0</subfield>
   <subfield code="1">0</subfield>
   <subfield code="2">ddc</subfield>
   <subfield code="4">0</subfield>
   <subfield code="6">813_540000000000000_LAH</subfield>
   <subfield code="7">0</subfield>
   <subfield code="9">16751</subfield>
   <subfield code="a">BRACUL</subfield>
   <subfield code="b">BRACUL</subfield>
   <subfield code="c">GEN</subfield>
   <subfield code="d">2011-05-25</subfield>
   <subfield code="e">karim International</subfield>
   <subfield code="g">538.00</subfield>
   <subfield code="l">4</subfield>
   <subfield code="m">19</subfield>
   <subfield code="o">813.54 LAH</subfield>
   <subfield code="p">3010022729</subfield>
   <subfield code="r">2024-11-12</subfield>
   <subfield code="s">2024-10-05</subfield>
   <subfield code="t">27</subfield>
   <subfield code="w">2011-05-25</subfield>
   <subfield code="y">BK</subfield>
  </datafield>
  <datafield tag="952" ind1=" " ind2=" ">
   <subfield code="0">0</subfield>
   <subfield code="1">0</subfield>
   <subfield code="2">ddc</subfield>
   <subfield code="4">0</subfield>
   <subfield code="6">813_540000000000000_LAH</subfield>
   <subfield code="7">0</subfield>
   <subfield code="9">16752</subfield>
   <subfield code="a">BRACUL</subfield>
   <subfield code="b">BRACUL</subfield>
   <subfield code="c">GEN</subfield>
   <subfield code="d">2011-05-25</subfield>
   <subfield code="e">karim International</subfield>
   <subfield code="g">538.00</subfield>
   <subfield code="l">7</subfield>
   <subfield code="m">51</subfield>
   <subfield code="o">813.54 LAH</subfield>
   <subfield code="p">3010022712</subfield>
   <subfield code="r">2025-10-09</subfield>
   <subfield code="s">2025-08-20</subfield>
   <subfield code="t">10</subfield>
   <subfield code="w">2011-05-25</subfield>
   <subfield code="y">BK</subfield>
  </datafield>
  <datafield tag="952" ind1=" " ind2=" ">
   <subfield code="0">0</subfield>
   <subfield code="1">0</subfield>
   <subfield code="2">ddc</subfield>
   <subfield code="4">0</subfield>
   <subfield code="6">813_540000000000000_LAH</subfield>
   <subfield code="7">0</subfield>
   <subfield code="9">16753</subfield>
   <subfield code="a">BRACUL</subfield>
   <subfield code="b">BRACUL</subfield>
   <subfield code="c">GEN</subfield>
   <subfield code="d">2011-05-25</subfield>
   <subfield code="e">karim International</subfield>
   <subfield code="g">538.00</subfield>
   <subfield code="l">6</subfield>
   <subfield code="m">108</subfield>
   <subfield code="o">813.54 LAH</subfield>
   <subfield code="p">3010022713</subfield>
   <subfield code="r">2024-02-18</subfield>
   <subfield code="s">2024-02-17</subfield>
   <subfield code="t">11</subfield>
   <subfield code="w">2011-05-25</subfield>
   <subfield code="y">BK</subfield>
  </datafield>
  <datafield tag="952" ind1=" " ind2=" ">
   <subfield code="0">0</subfield>
   <subfield code="1">0</subfield>
   <subfield code="2">ddc</subfield>
   <subfield code="4">0</subfield>
   <subfield code="6">813_540000000000000_LAH</subfield>
   <subfield code="7">0</subfield>
   <subfield code="9">16754</subfield>
   <subfield code="a">BRACUL</subfield>
   <subfield code="b">BRACUL</subfield>
   <subfield code="c">GEN</subfield>
   <subfield code="d">2011-05-25</subfield>
   <subfield code="e">karim International</subfield>
   <subfield code="g">538.00</subfield>
   <subfield code="l">3</subfield>
   <subfield code="m">7</subfield>
   <subfield code="o">813.54 LAH</subfield>
   <subfield code="p">3010022710</subfield>
   <subfield code="r">2025-05-22</subfield>
   <subfield code="s">2025-05-06</subfield>
   <subfield code="t">8</subfield>
   <subfield code="w">2011-05-25</subfield>
   <subfield code="y">BK</subfield>
  </datafield>
  <datafield tag="952" ind1=" " ind2=" ">
   <subfield code="0">0</subfield>
   <subfield code="1">0</subfield>
   <subfield code="2">ddc</subfield>
   <subfield code="4">0</subfield>
   <subfield code="6">813_540000000000000_LAH</subfield>
   <subfield code="7">0</subfield>
   <subfield code="9">16770</subfield>
   <subfield code="a">BRACUL</subfield>
   <subfield code="b">BRACUL</subfield>
   <subfield code="c">GEN</subfield>
   <subfield code="d">2011-05-26</subfield>
   <subfield code="e">karim International</subfield>
   <subfield code="g">538.00</subfield>
   <subfield code="l">4</subfield>
   <subfield code="m">15</subfield>
   <subfield code="o">813.54 LAH</subfield>
   <subfield code="p">3010022714</subfield>
   <subfield code="r">2022-09-25</subfield>
   <subfield code="s">2022-08-25</subfield>
   <subfield code="t">12</subfield>
   <subfield code="w">2011-05-26</subfield>
   <subfield code="y">BK</subfield>
  </datafield>
  <datafield tag="952" ind1=" " ind2=" ">
   <subfield code="0">0</subfield>
   <subfield code="1">0</subfield>
   <subfield code="2">ddc</subfield>
   <subfield code="4">0</subfield>
   <subfield code="6">813_540000000000000_LAH</subfield>
   <subfield code="7">0</subfield>
   <subfield code="9">16771</subfield>
   <subfield code="a">BRACUL</subfield>
   <subfield code="b">BRACUL</subfield>
   <subfield code="c">GEN</subfield>
   <subfield code="d">2011-05-26</subfield>
   <subfield code="e">karim International</subfield>
   <subfield code="g">538.00</subfield>
   <subfield code="l">2</subfield>
   <subfield code="m">7</subfield>
   <subfield code="o">813.54 LAH</subfield>
   <subfield code="p">3010022716</subfield>
   <subfield code="r">2019-08-07</subfield>
   <subfield code="s">2019-06-20</subfield>
   <subfield code="t">14</subfield>
   <subfield code="w">2011-05-26</subfield>
   <subfield code="y">BK</subfield>
  </datafield>
  <datafield tag="952" ind1=" " ind2=" ">
   <subfield code="0">0</subfield>
   <subfield code="1">0</subfield>
   <subfield code="2">ddc</subfield>
   <subfield code="4">0</subfield>
   <subfield code="6">813_540000000000000_LAH</subfield>
   <subfield code="7">0</subfield>
   <subfield code="9">16772</subfield>
   <subfield code="a">BRACUL</subfield>
   <subfield code="b">BRACUL</subfield>
   <subfield code="c">GEN</subfield>
   <subfield code="d">2011-05-26</subfield>
   <subfield code="e">karim International</subfield>
   <subfield code="g">538.00</subfield>
   <subfield code="l">6</subfield>
   <subfield code="m">42</subfield>
   <subfield code="o">813.54 LAH</subfield>
   <subfield code="p">3010022711</subfield>
   <subfield code="r">2024-03-04</subfield>
   <subfield code="s">2024-02-27</subfield>
   <subfield code="t">9</subfield>
   <subfield code="w">2011-05-26</subfield>
   <subfield code="y">BK</subfield>
  </datafield>
  <datafield tag="952" ind1=" " ind2=" ">
   <subfield code="0">0</subfield>
   <subfield code="1">0</subfield>
   <subfield code="2">ddc</subfield>
   <subfield code="4">0</subfield>
   <subfield code="6">813_540000000000000_LAH</subfield>
   <subfield code="7">0</subfield>
   <subfield code="9">16773</subfield>
   <subfield code="a">BRACUL</subfield>
   <subfield code="b">BRACUL</subfield>
   <subfield code="c">GEN</subfield>
   <subfield code="d">2011-05-26</subfield>
   <subfield code="e">karim International</subfield>
   <subfield code="g">538.00</subfield>
   <subfield code="l">9</subfield>
   <subfield code="m">60</subfield>
   <subfield code="o">813.54 LAH</subfield>
   <subfield code="p">3010022718</subfield>
   <subfield code="r">2024-10-27</subfield>
   <subfield code="s">2024-10-03</subfield>
   <subfield code="t">16</subfield>
   <subfield code="w">2011-05-26</subfield>
   <subfield code="y">BK</subfield>
  </datafield>
  <datafield tag="952" ind1=" " ind2=" ">
   <subfield code="0">0</subfield>
   <subfield code="1">0</subfield>
   <subfield code="2">ddc</subfield>
   <subfield code="4">0</subfield>
   <subfield code="6">813_540000000000000_LAH</subfield>
   <subfield code="7">0</subfield>
   <subfield code="9">16774</subfield>
   <subfield code="a">BRACUL</subfield>
   <subfield code="b">BRACUL</subfield>
   <subfield code="c">GEN</subfield>
   <subfield code="d">2011-05-26</subfield>
   <subfield code="e">karim International</subfield>
   <subfield code="g">538.00</subfield>
   <subfield code="l">3</subfield>
   <subfield code="m">31</subfield>
   <subfield code="o">813.54 LAH</subfield>
   <subfield code="p">3010022720</subfield>
   <subfield code="q">2020-04-27</subfield>
   <subfield code="r">2016-08-31</subfield>
   <subfield code="s">2016-08-31</subfield>
   <subfield code="t">18</subfield>
   <subfield code="w">2011-05-26</subfield>
   <subfield code="y">BK</subfield>
  </datafield>
  <datafield tag="952" ind1=" " ind2=" ">
   <subfield code="0">0</subfield>
   <subfield code="1">0</subfield>
   <subfield code="2">ddc</subfield>
   <subfield code="4">0</subfield>
   <subfield code="6">813_540000000000000_LAH</subfield>
   <subfield code="7">0</subfield>
   <subfield code="9">16775</subfield>
   <subfield code="a">BRACUL</subfield>
   <subfield code="b">BRACUL</subfield>
   <subfield code="c">GEN</subfield>
   <subfield code="d">2011-05-26</subfield>
   <subfield code="e">karim International</subfield>
   <subfield code="g">538.00</subfield>
   <subfield code="l">6</subfield>
   <subfield code="m">44</subfield>
   <subfield code="o">813.54 LAH</subfield>
   <subfield code="p">3010022727</subfield>
   <subfield code="r">2026-04-23</subfield>
   <subfield code="s">2026-04-16</subfield>
   <subfield code="t">25</subfield>
   <subfield code="w">2011-05-26</subfield>
   <subfield code="y">BK</subfield>
  </datafield>
  <datafield tag="952" ind1=" " ind2=" ">
   <subfield code="0">0</subfield>
   <subfield code="1">0</subfield>
   <subfield code="2">ddc</subfield>
   <subfield code="4">0</subfield>
   <subfield code="6">813_540000000000000_LAH</subfield>
   <subfield code="7">0</subfield>
   <subfield code="9">16776</subfield>
   <subfield code="a">BRACUL</subfield>
   <subfield code="b">BRACUL</subfield>
   <subfield code="c">GEN</subfield>
   <subfield code="d">2011-05-26</subfield>
   <subfield code="e">karim International</subfield>
   <subfield code="g">538.00</subfield>
   <subfield code="l">9</subfield>
   <subfield code="m">39</subfield>
   <subfield code="o">813.54 LAH</subfield>
   <subfield code="p">3010022728</subfield>
   <subfield code="r">2026-03-29</subfield>
   <subfield code="s">2026-02-24</subfield>
   <subfield code="t">26</subfield>
   <subfield code="w">2011-05-26</subfield>
   <subfield code="y">BK</subfield>
  </datafield>
  <datafield tag="952" ind1=" " ind2=" ">
   <subfield code="0">0</subfield>
   <subfield code="1">0</subfield>
   <subfield code="2">ddc</subfield>
   <subfield code="4">0</subfield>
   <subfield code="6">813_540000000000000_LAH</subfield>
   <subfield code="7">0</subfield>
   <subfield code="9">16777</subfield>
   <subfield code="a">BRACUL</subfield>
   <subfield code="b">BRACUL</subfield>
   <subfield code="c">GEN</subfield>
   <subfield code="d">2011-05-26</subfield>
   <subfield code="e">karim International</subfield>
   <subfield code="g">538.00</subfield>
   <subfield code="l">3</subfield>
   <subfield code="m">33</subfield>
   <subfield code="o">813.54 LAH</subfield>
   <subfield code="p">3010022723</subfield>
   <subfield code="r">2025-01-23</subfield>
   <subfield code="s">2024-07-10</subfield>
   <subfield code="t">21</subfield>
   <subfield code="w">2011-05-26</subfield>
   <subfield code="y">BK</subfield>
  </datafield>
  <datafield tag="952" ind1=" " ind2=" ">
   <subfield code="0">0</subfield>
   <subfield code="1">0</subfield>
   <subfield code="2">ddc</subfield>
   <subfield code="4">0</subfield>
   <subfield code="6">813_540000000000000_LAH</subfield>
   <subfield code="7">0</subfield>
   <subfield code="9">16778</subfield>
   <subfield code="a">BRACUL</subfield>
   <subfield code="b">BRACUL</subfield>
   <subfield code="c">GEN</subfield>
   <subfield code="d">2011-05-26</subfield>
   <subfield code="e">Karim International</subfield>
   <subfield code="g">538.00</subfield>
   <subfield code="l">9</subfield>
   <subfield code="m">31</subfield>
   <subfield code="o">813.54 LAH</subfield>
   <subfield code="p">3010022724</subfield>
   <subfield code="r">2025-08-10</subfield>
   <subfield code="s">2025-07-20</subfield>
   <subfield code="t">22</subfield>
   <subfield code="w">2011-05-26</subfield>
   <subfield code="y">BK</subfield>
  </datafield>
  <datafield tag="952" ind1=" " ind2=" ">
   <subfield code="0">0</subfield>
   <subfield code="1">0</subfield>
   <subfield code="2">ddc</subfield>
   <subfield code="4">0</subfield>
   <subfield code="6">813_540000000000000_LAH</subfield>
   <subfield code="7">0</subfield>
   <subfield code="9">16779</subfield>
   <subfield code="a">BRACUL</subfield>
   <subfield code="b">BRACUL</subfield>
   <subfield code="c">GEN</subfield>
   <subfield code="d">2011-05-26</subfield>
   <subfield code="e">karim International</subfield>
   <subfield code="g">538.00</subfield>
   <subfield code="l">5</subfield>
   <subfield code="m">30</subfield>
   <subfield code="o">813.54 LAH</subfield>
   <subfield code="p">3010022725</subfield>
   <subfield code="r">2022-06-05</subfield>
   <subfield code="s">2022-05-31</subfield>
   <subfield code="t">23</subfield>
   <subfield code="w">2011-05-26</subfield>
   <subfield code="y">BK</subfield>
  </datafield>
  <datafield tag="952" ind1=" " ind2=" ">
   <subfield code="0">0</subfield>
   <subfield code="1">0</subfield>
   <subfield code="2">ddc</subfield>
   <subfield code="4">0</subfield>
   <subfield code="6">813_000000000000000__54_LAH</subfield>
   <subfield code="7">0</subfield>
   <subfield code="9">16780</subfield>
   <subfield code="a">BRACUL</subfield>
   <subfield code="b">BRACUL</subfield>
   <subfield code="c">GEN</subfield>
   <subfield code="d">2011-05-26</subfield>
   <subfield code="e">karim International</subfield>
   <subfield code="g">538.00</subfield>
   <subfield code="l">5</subfield>
   <subfield code="m">40</subfield>
   <subfield code="o">813.54 LAH</subfield>
   <subfield code="p">3010022719</subfield>
   <subfield code="r">2020-03-01</subfield>
   <subfield code="s">2020-02-12</subfield>
   <subfield code="t">17</subfield>
   <subfield code="w">2011-05-26</subfield>
   <subfield code="y">BK</subfield>
  </datafield>
  <datafield tag="952" ind1=" " ind2=" ">
   <subfield code="0">0</subfield>
   <subfield code="1">0</subfield>
   <subfield code="2">ddc</subfield>
   <subfield code="4">0</subfield>
   <subfield code="6">813_540000000000000_LAH</subfield>
   <subfield code="7">0</subfield>
   <subfield code="9">16910</subfield>
   <subfield code="a">BRACUL</subfield>
   <subfield code="b">BRACUL</subfield>
   <subfield code="c">GEN</subfield>
   <subfield code="d">2011-05-31</subfield>
   <subfield code="e">Karim International</subfield>
   <subfield code="g">538.00</subfield>
   <subfield code="l">3</subfield>
   <subfield code="m">10</subfield>
   <subfield code="o">813.54 LAH</subfield>
   <subfield code="p">3010022726</subfield>
   <subfield code="r">2014-12-10</subfield>
   <subfield code="s">2014-09-30</subfield>
   <subfield code="t">24</subfield>
   <subfield code="w">2011-05-31</subfield>
   <subfield code="y">BK</subfield>
  </datafield>
  <datafield tag="952" ind1=" " ind2=" ">
   <subfield code="0">0</subfield>
   <subfield code="1">0</subfield>
   <subfield code="2">ddc</subfield>
   <subfield code="4">0</subfield>
   <subfield code="6">813_540000000000000_LAH</subfield>
   <subfield code="7">0</subfield>
   <subfield code="9">43856</subfield>
   <subfield code="a">BRACUL</subfield>
   <subfield code="b">BRACUL</subfield>
   <subfield code="c">GEN</subfield>
   <subfield code="d">2014-10-18</subfield>
   <subfield code="e">Friends Book Corner</subfield>
   <subfield code="g">60.00</subfield>
   <subfield code="l">1</subfield>
   <subfield code="m">4</subfield>
   <subfield code="o">813.54 LAH</subfield>
   <subfield code="p">3010028472</subfield>
   <subfield code="r">2025-04-13</subfield>
   <subfield code="s">2025-03-04</subfield>
   <subfield code="t">28</subfield>
   <subfield code="w">2014-10-18</subfield>
   <subfield code="y">BK</subfield>
   <subfield code="x">Transferred from BIL to BRACUL on 06/06/22</subfield>
  </datafield>
  <datafield tag="952" ind1=" " ind2=" ">
   <subfield code="0">0</subfield>
   <subfield code="1">0</subfield>
   <subfield code="2">ddc</subfield>
   <subfield code="4">0</subfield>
   <subfield code="6">813_540000000000000_LAH</subfield>
   <subfield code="7">0</subfield>
   <subfield code="9">78028</subfield>
   <subfield code="a">BRACUL</subfield>
   <subfield code="b">BRACUL</subfield>
   <subfield code="c">NEW</subfield>
   <subfield code="d">2025-08-19</subfield>
   <subfield code="e">Donated by Farhana Zahir, Assistant Professor, BRAC Business School, BRAC University</subfield>
   <subfield code="l">2</subfield>
   <subfield code="m">7</subfield>
   <subfield code="o">813.54 LAH</subfield>
   <subfield code="p">3010044612</subfield>
   <subfield code="r">2025-12-30</subfield>
   <subfield code="s">2025-11-12</subfield>
   <subfield code="t">29</subfield>
   <subfield code="w">2025-08-19</subfield>
   <subfield code="y">BK</subfield>
   <subfield code="x">Donated by Farhana Zahir, Assistant Professor, BRAC Business School, BRAC University. Rs. 150</subfield>
  </datafield>
 </record>
</collection>
